000 00624nam a22002177a 4500
005 20251108175956.0
008 250721s2012 xx 000 0 ara d
082 1 4 _aط/923.9/دوت
100 1 _aدوتا، ساهيل
245 1 0 _aماركو بولو السفر مغامرة كبرى /
250 _aط.2
264 1 _aمصر :
_bالدار المصرية اللبنانية،
_c2012.
300 _a64ص.
490 0 _aاسمي
650 1 7 _aالتراجم
650 1 7 _aالمكتشفون
650 1 7 _aالرحالة
653 _aناشئون صغار(10-14)سنة
942 _2ddc
_cBK
999 _c146829
_d146829